Crop Improvement Strategies For Sustainable Agriculture: (Record no. 189158)

MARC details
000 -LEADER
fixed length control field 00749nam a22002057a 4500
005 - DATE AND TIME OF LATEST TRANSACTION
control field 20220621145256.0
010 ## - LCCN (DPL NO)
LC control number ENG-133294
020 ## - INTERNATIONAL STANDARD BOOK NUMBER
International Standard Book Number 9788190932219
Terms of availability 800.00
035 ## - SYSTEM CONTROL NUMBER
System control number EN-116826
037 ## - SOURCE OF ACQUISITION
Source of stock number/acquisition DBAD/PUB
082 ## - DEWEY DECIMAL CLASSIFICATION NUMBER
Classification number 633.84
245 ## - TITLE STATEMENT
Title Crop Improvement Strategies For Sustainable Agriculture:
Remainder of title Proceedings of National Seminar on Crop Improvement Strategies for Sustainable Agriculture/
Statement of responsibility, etc Edited by M. Prakash, P. Senthil Kumar and Y. Anbu Selvam
260 ## - PUBLICATION, DISTRIBUTION, ETC. (IMPRINT)
Place of publication, distribution, etc Chidambaram
Name of publisher, distributor, etc Velan Pathippagam
Date of publication, distribution, etc 2009
270 ## - ADDRESS
Address No. 5, S.P. Koil Street
City Chidambaram
Postal code 608001
300 ## - PHYSICAL DESCRIPTION
Extent 350p.
Dimensions 24cm(pbk)
700 ## - ADDED ENTRY--PERSONAL NAME
Personal name Prakash, M.
700 ## - ADDED ENTRY--PERSONAL NAME
Personal name Kumar, P. Senthil
700 ## - ADDED ENTRY--PERSONAL NAME
Personal name Selvam, Y. Anbu
942 ## - ADDED ENTRY ELEMENTS (KOHA)
Source of classification or shelving scheme Dewey Decimal Classification
Item type English Books
Classification part 633.84
Call number suffix PRA
Holdings
Withdrawn status Lost status Not for loan Collection code Home library Current library Date acquired Source of acquisition Cost, normal purchase price Full call number Barcode Copy number Cost, replacement price Koha item type
      Non-fiction Sarojini Nagar Sarojini Nagar 21/06/2022 DBAD/PUB 800.00 633.84 PRA EN-116826 1 800.00 English Books

© Delhi Public Library
Hit Counter
free hit counter